1124 1531 1736 1297 1425 1660 1042 1881 1868 1149 1657 1499 1131 1120 1336 1942 1481 1678 1116 1438 1115 1645 1944 1811 1626 1764 1485 1668 1647 1040 1860 1444 1455 1557 1096 1114 1092 1369 1285 1847 1139 1192 1873 1241 1648 1502 1264 1849 1066 1291 1401 1374 1163 1529 1923 1359 1986 1687 1412 1377 1210 1568 1824 1193 1823 1053 1889 1717 1171 1501 1621 1156 1412 1463 1771 1884 1719 1455 1869 1433 1132 1916 1916 1074 1878 1180 1436 1104 1179 1671 1407 1931 1007 1669 1034 1568 1589 1188 1115 BCNSPRNW ULIB Ver.6.0+V

เปลี่ยนเป็นภาษาไทย

Change to English
 แสดงรายละเอียดบรรณานุกรม
  กลับหน้าหลัก

Brief Record : Get Marc (ISO 2709) : E-mail record : QR code < ปิดหน้าต่าง
LEADER : 00000nam 2200000uu 4500
001    13399125484
003     ULIB
008    170614s2559||||th 000 0 tha d
020    ^a9786169256700
060 04 ^aQV760^bร925ต
110 1  ^aโรงเรียนอายุรเวท (ชีวกโกมารภัจจ์)
245 00 ^aตำราเภสัชกรรมไทย /^cโรงเรียนอายุรเวท (ชีวกโกมารภัจจ์)
250    ^aพิมพ์ครั้งที่ 2
260    ^aกรุงเทพฯ :^bมูลนิธิฟื้นฟูส่งเสริมการแพทย์แผนไทยเดิม,^c2559.
300    ^a262 หน้า :^bภาพประกอบ ;^c26 ซม.
650  7 ^aยา ^zไทย
650  7 ^aเภสัชกรรม
945    ^p0^l0^i25162
945    ^p0^l0^i25163
999    ^aกัณชพร
รายการนี้ยังไม่มีแท็ก
คุณยังไม่ได้ล็อกอิน คุณสามารถมีกิจกรรมร่วมกับเว็บไซต์ได้ แต่ต้องล็อกอินก่อน ::
  ล็อกอิน

รายการสื่อสารสนเทศ

ลำดับที่ ประเภท เลขเรียก/บาร์โค้ด สถานที่ สถานะ
1. หนังสือสำรอง
หนังสือสำรอง
สถานะ=หนังสือเก่า
QV760 ร925ต ฉ.1 
  Barcode: 25162
ห้องสมุดวิทยาเขตนครสวรรค์
►ส่วนจัดเก็บหนังสือเก่า นว.
บนชั้น
  ขอยืม
2. วิทยาศาสตร์การแพทย์ และสุขภาพ
วิทยาศาสตร์การแพทย์ และสุขภาพ
สถานะ=หนังสือเก่า
QV760 ร925ต ฉ.2 
  Barcode: 25163
ห้องสมุดวิทยาเขตนครสวรรค์
►ส่วนจัดเก็บหนังสือเก่า นว.
บนชั้น
  ขอยืม

รายการใกล้เคียง
    หัวเรื่อง [เภสัชกรรม]

BibComment


ยังไม่เคยถูกคอมเมนท์

คอมเมนท์ทรัพยากรรายการนี้
  คอมเมนท์: ตำราเภสัชกรรมไทย..


 Copyright 2026. Bcnsprnw @Library